| 000 | 00421nam a2200157Ia 4500 | ||
|---|---|---|---|
| 008 | 230718s9999 xx 000 0 und d | ||
| 041 | _aeng | ||
| 082 |
_a519.4 _bDEO |
||
| 100 | _aDeo S.S. | ||
| 245 |
_aComputational Methods _bLarge No Of Solved Problems |
||
| 260 |
_c1994 _bShree Publication |
||
| 300 | _a206 | ||
| 365 |
_cRs. _b95.00 |
||
| 700 | _aDeo S.S. & Tawade P.P. | ||
| 906 |
_dB:52310-Nov-1994 _cCOMP _b14.25 |
||
| 999 |
_c292785 _d292785 |
||